Total quality management in construction. (Record no. 96367)
[ view plain ]
| 000 -LEADER | |
|---|---|
| fixed length control field | 01083cam a2200301 4500 |
| 001 - CONTROL NUMBER | |
| control field | M83481 |
| 008 - FIXED-LENGTH DATA ELEMENTS--GENERAL INFORMATION | |
| fixed length control field | 090401t1997 xxu||||| |||| 00| 0 eng d |
| 035 ## - SYSTEM CONTROL NUMBER | |
| System control number | (Sirsi) u77862 |
| 041 ## - LANGUAGE CODE | |
| Language code of text/sound track or separate title | eng |
| 050 ## - LIBRARY OF CONGRESS CALL NUMBER | |
| Classification number | 690.3 |
| 100 ## - MAIN ENTRY--PERSONAL NAME | |
| Personal name | Baxendale, A.T. |
| 245 ## - TITLE STATEMENT | |
| Title | Total quality management in construction. |
| 260 ## - PUBLICATION, DISTRIBUTION, ETC. | |
| Place of publication, distribution, etc. | Ascot |
| Name of publisher, distributor, etc. | Chartered Institute of Building |
| Date of publication, distribution, etc. | 1997 |
| 300 ## - PHYSICAL DESCRIPTION | |
| Extent | 8p. ; 30cm. |
| 350 ## - PRICE (NR) (BK AM CF MU VM SE) [OBSOLETE] | |
| Price | 5 |
| 490 ## - SERIES STATEMENT | |
| Series statement | Construction Papers |
| Volume/sequential designation | 71 |
| 520 ## - SUMMARY, ETC. | |
| Summary, etc. | Examines the utilisation and problems experienced through the introduction of Total Quality Management, highlighting the areas in need of improvement. Additionally, this study provides an indication of how relevant the guidance in ISO 9000 (BS 7850) has been to those adopting TQM. |
| 650 ## - SUBJECT ADDED ENTRY--TOPICAL TERM | |
| Topical term or geographic name entry element | CONSTRUCTION INDUSTRY |
| 650 ## - SUBJECT ADDED ENTRY--TOPICAL TERM | |
| Topical term or geographic name entry element | ISO 9000 |
| 650 ## - SUBJECT ADDED ENTRY--TOPICAL TERM | |
| Topical term or geographic name entry element | TOTAL QUALITY MANAGEMENT |
| 650 ## - SUBJECT ADDED ENTRY--TOPICAL TERM | |
| Topical term or geographic name entry element | TOTAL QUALITY MANAGEMENT |
| 690 ## - LOCAL SUBJECT ADDED ENTRY--TOPICAL TERM (OCLC, RLIN) | |
| Topical term or geographic name as entry element | BUILT ENVIRONMENT |
| 700 ## - ADDED ENTRY--PERSONAL NAME | |
| Personal name | Burrell, I. |
| 700 ## - ADDED ENTRY--PERSONAL NAME | |
| Personal name | Harlow, Peter |
| International Standard Serial Number | Editor |
| 710 ## - ADDED ENTRY--CORPORATE NAME | |
| Corporate name or jurisdiction name as entry element | The Chartered Institute of Building |
| 9 (RLIN) | 2131 |
| 942 ## - ADDED ENTRY ELEMENTS (KOHA) | |
| Suppress in OPAC | 0 |
| 948 ## - LOCAL PROCESSING INFORMATION (OCLC); SERIES PART DESIGNATOR (RLIN) | |
| c (OCLC) | 22/04/1997 |
| Withdrawn status | Lost status | Source of classification or shelving scheme | Damaged status | Not for loan | Home library | Current library | Shelving location | Date acquired | Cost, normal purchase price | Total Checkouts | Full call number | Barcode | Date last seen | Date last checked out | Copy number | Cost, replacement price | Price effective from | Koha item type |
|---|---|---|---|---|---|---|---|---|---|---|---|---|---|---|---|---|---|---|
| Dewey Decimal Classification | London | London | Enquiry desk | 14/09/1999 | 5.00 | 4 | BOXED SET | 30052739 | 06/08/2019 | 13/07/2006 | 1 | 5.00 | 06/08/2019 | Book |